Click to Translate - Luxembourgish - Statistics

General Stats
  • This quiz has been taken 2,454 times
  • The average score is 14 of 20
Answer Stats
Hint Answer % Correct
Eleven Eelef
93%
Yes Jo
91%
Street Strooss
91%
Green Gréng
89%
Father Papp
85%
Holiday Vakanz
85%
Where Wou
78%
Say Soen
74%
Horse Päerd
73%
Short Kuerz
72%
Want Wëllen
68%
Hospital Spidol
65%
Cloud Wollek
60%
Fruit Uebst
59%
Goodbye Äddi
58%
Please Wann ech glift
53%
Us Eis
51%
Hour Stonn
50%
Suddenly Op eemol
48%
Before Virun
39%
No matching quizzes found
Score Distribution
Percent of People with Each Score
Percentile by Number Answered
Your Score History
You have not taken this quiz